Statistics for Countries Bordering Burkina Faso

Click here to take the quiz!

General Stats

  • This quiz has been taken 382 times
  • The average score is 6 of 6

Answer Stats

Country% Correct
Benin
97%
Togo
97%
Ghana
96%
Niger
96%
Mali
95%
Côte d'Ivoire
93%

Score Distribution

Percentile by Number Answered

Percent of People with Each Score

Your Score History

You have not taken this quiz